[Event "HUN-chT U18"]
[Site "Budapest"]
[Date "2021.10.25"]
[Round "3.18"]
[White "Szabo, Adrienn"]
[Black "Koltai, Dora"]
[Result "0-1"]
[WhiteElo "1116"]
[BlackElo "1924"]
[PlyCount "66"]
[EventDate "2021.10.24"]
[EventType "team-tourn"]
[EventRounds "7"]
[EventCountry "HUN"]
[SourceTitle "CBM 205 Extra"]
[Source "ChessBase"]
[SourceDate "2022.01.31"]
[SourceVersion "1"]
[SourceVersionDate "2022.01.31"]
[SourceQuality "1"]

1. Nf3 d5 2. g3 Nf6 3. Bg2 c6 4. 0-0 Bg4 5. d3 e6 6. b3 Be7 7. Bb2 0-0 8. Nbd2 c5 9. c4 Nc6 10. Qb1 d4 11. e4 e5 12. a3 Qd7 13. Bc1 h5 14. h4 Nh7 15. Kh2 f5 16. exf5 Qxf5 17. Bb2 Rf7 18. Ng1 Qg6 19. Ne4 Raf8 20. Qc2 Bf5 21. Qe2 Re8 22. Bc1 Nf6 23. f3 Nxe4 24. fxe4 Bg4 25. Bf3 Ref8 26. Bd2 Bxf3 27. Nxf3 Qg4 28. Kg2 Bxh4 29. Be1 Bxg3 30. Bxg3 h4 31. Ng1 Qxg3+ 32. Kh1 Rf2 33. Rxf2 Rxf2 0-1

[Event "Budapest Gyorgy Memorial 1st"]
[Site "Budapest"]
[Date "2016.11.11"]
[Round "3.5"]
[White "Baratosi, Andras David"]
[Black "Szabo, Adrienn"]
[Result "1-0"]
[WhiteElo "1221"]
[BlackElo "1015"]
[PlyCount "49"]
[EventDate "2016.11.10"]
[EventType "swiss"]
[EventRounds "7"]
[EventCountry "HUN"]
[SourceTitle "EXT 2018"]
[Source "ChessBase"]
[SourceDate "2017.10.13"]
[SourceVersion "1"]
[SourceVersionDate "2017.10.13"]
[SourceQuality "1"]

1. e4 e5 2. Nf3 Nc6 3. Bc4 h6 4. 0-0 Nf6 5. Nc3 Nxe4 6. Bxf7+ Kxf7 7. Nxe4 d5 8. Ng3 g6 9. d4 e4 10. Ne5+ Nxe5 11. dxe5 Kg7 12. Nxe4 Bf5 13. Nf6 c6 14. b3 Be7 15. Bb2 Bxf6 16. exf6+ Kf7 17. Re1 Re8 18. Rxe8 Qxe8 19. Qd2 Rd8 20. Qxh6 Qh8 21. Qe3 Re8 22. Qxa7 Rb8 23. Re1 Bxc2 24. Re7+ Kf8 25. Qxb8# 1-0